000
00281nam a2200121Ia 4500
100
_a
Salerni Joe
942
_c
BK
654
_a
Clients / server database
245
_a
Guide to Clients / Server Database
260
_b
BPB Pub
_a
New Delhi
_c
1994
546
_a
ENGLISH
999
_c
33480
_d
33480